| 000 | 00934cam a2200265 a 4500 | ||
|---|---|---|---|
| 001 | 000001686 | ||
| 005 | 20240403141130.0 | ||
| 008 | 800102s1991 waua 000 0 spa | ||
| 020 | _a0917136101 | ||
| 040 |
_aDO-SdBNP _bspa _cBNPHU |
||
| 041 | 1 | 7 |
_aspa _beng _2Código de idioma MARC |
| 082 |
_a312 _bH374g, 1991 |
||
| 100 | 1 |
_aHaupt, Arthur, _d1945- _95475 |
|
| 245 | 1 | 0 |
_aGuía Rápida de Población del Population Reference Bureau / _cpor Arthur Haupt y Thomás T. Kane. |
| 250 | _a2a ed. | ||
| 260 |
_aWashington, D.C. : _bPopulation Reference Bureau, _c1991. |
||
| 300 |
_a79 p. : _bil. ; _c21 cm. |
||
| 534 |
_pTítulo original: _tPopulation Reference handbook del population Reference Bureau |
||
| 650 | 4 |
_aDemografía _xManuales _95476 |
|
| 650 | 4 |
_aPoblación _xManuales _95477 |
|
| 700 | 1 |
_aKane, Thomas T., _d1951- _95478 |
|
| 710 | 2 |
_aPopulation Reference Bureau _95479 |
|
| 910 | _aCatalogación derivada | ||
| 910 | _aWM | ||
| 999 |
_c1567 _d1567 |
||